书目信息 |
| 题名: |
普通物理学教程
|
|
| 作者: | 梁灿彬 , 秦光戎 , 梁竹健 原著 ;梁灿彬 修订 | |
| 分册: | ||
| 出版信息: | 北京 高等教育出版社 2004.5 |
|
| 页数: | 438页 | |
| 开本: | 23cm | |
| 丛书名: | 面向21世纪课程教材 | |
| 单 册: | ||
| 中图分类: | O4 , O441 | |
| 科图分类: | ||
| 主题词: | 物理学--Wu Li Xue--高等学校--教材 , 电磁学--dian ci xue--高等学校--教材 | |
| 电子资源: | ||
| ISBN: | 7-04-013840-9 | |
| 000 | 01391nam 2200373 450 | |
| 001 | CAL 012004059453 | |
| 005 | 20050701084002.01 | |
| 010 | @a7-04-013840-9@dCNY 29.60 | |
| 099 | @aCAL 012004059453 | |
| 100 | @a20040607d2004 em y0chiy0121 ea | |
| 101 | 0 | @achi |
| 102 | @aCN@b110000 | |
| 105 | @aak z 000yy | |
| 200 | 1 | @a普通物理学教程@Apu tong wu li xue jiao cheng@e电磁学@f梁灿彬等著@Fliang can bin deng zhu@g梁灿彬修订 |
| 205 | @a第2版@b修订版 | |
| 210 | @a北京@c高等教育出版社@d2004.5 | |
| 215 | @a438页@c图@d23cm | |
| 225 | 2 | @a面向21世纪课程教材@AMian Xiang 21 Shi Ji Ke Cheng Jiao Cai |
| 312 | @a英文并列题名取自封面 | |
| 330 | @a全书共含9章和一个附录, 内容有: 静电场的基本规律、导体周围的静电场、静电场中的电介质、恒定电流和电路、恒定电流的磁场、电磁感应与暂态过程、磁介质、交流电路、时变电磁场和电磁波及电磁学的单位制等。 | |
| 410 | 0 | @12001 @a面向21世纪课程教材 |
| 510 | 1 | @aA Course in General Physics Electromagnetics@zeng |
| 517 | 1 | @a电磁学@ADian Ci Xue |
| 606 | 0 | @a物理学@AWu Li Xue@x高等学校@j教材 |
| 606 | 0 | @a电磁学@Adian ci xue@x高等学校@j教材 |
| 690 | @aO4@v4 | |
| 690 | @aO441@v4 | |
| 701 | 0 | @a梁灿彬@Aliang can bin@4原著 |
| 701 | 0 | @a秦光戎@Aqin guang rong@4原著 |
| 701 | 0 | @a梁竹健@ALiang Zhu Jian@4原著 |
| 702 | 0 | @a梁灿彬@ALiang Can Bin@4修订 |
| 801 | 0 | @aCN@bNMU@c20050701 |
| 905 | @a10447@dO4@eL395 | |
| 998 | @aNMU | |
| 普通物理学教程:电磁学/梁灿彬等著/梁灿彬修订.-第2版,修订版.-北京:高等教育出版社,2004.5 |
| 438页:图;23cm.-(面向21世纪课程教材) |
| ISBN 7-04-013840-9:CNY 29.60 |
| 全书共含9章和一个附录, 内容有: 静电场的基本规律、导体周围的静电场、静电场中的电介质、恒定电流和电路、恒定电流的磁场、电磁感应与暂态过程、磁介质、交流电路、时变电磁场和电磁波及电磁学的单位制等。 |
| ● |
| 相关链接 |
|
|
|
正题名:普通物理学教程
索取号:O4/L395
 
预约/预借
| 序号 | 登录号 | 条形码 | 馆藏地/架位号 | 状态 | 备注 |
| 1 | 538593 | 205385938 | 自科库401/401自科库 54排1列5层/ [索取号:O4/L395] | 在馆 | |
| 2 | 538594 | 205385947 | 自科库401/401自科库 54排1列5层/ [索取号:O4/L395] | 在馆 | |
| 3 | 538595 | 205385956 | 自科库401/401自科库 54排1列5层/ [索取号:O4/L395] | 在馆 |